000 00569nam a2200169 a 4500
001 000005192
005 20200929151614.0
008 090812s1958 dr a 000 0 spa d
040 _aDO-SdBNP
_bspa
_cBNPHU
082 _axxxx
_bE93p
100 1 _aEvola, Francesco
_914854
245 1 0 _aPastor /
_cFrancesco Evola ; traducción Nazario Ruano.
260 _aCiudad Trujillo, Santo Domingo :
_bArte y Cine,
_c1958.
300 _a176 p. :
_bil. ;
_c22 cm.
504 _aIncluye referencias bibliográficas y notas al pie de las páginas
700 1 _aRuano, Rosario,
_etr.
_914855
999 _c4994
_d4994